000 00220nam a22000857a 4500
008 161128b xxu||||| |||| 00| 0 eng d
100 _91500
_aSingh.A.K.
245 _aProblems in General Physics
260 _aNew Delhi
_bCBS
_c2008
999 _c4227
_d4227